000 00779nam a2200229 a 4500
001 000042354
003 OSt
005 20201002040111.0
008 131127s2004 sp ac 001 0 spa d
040 _aDO-SdBNP
_bspa
_cBNPHU
082 _axxx
_bxxxx
100 1 _aMontero, Issac,
_b1936-2008
_969424
245 1 0 _aAbraham Lincoln /
_cIsaac Montero ; prólogo de Jesús Hermida.
260 _aBarcelona :
_bFolio,
_bABC,
_c2004.
300 _a223 p. :
_bil. ;
_c21 cm.
490 1 _aBiblioteca ABC, protagonistas de la historia
_v20
500 _aIncluye datos biográficos del autor en la solapa de la contracubierta
700 1 2 _aHermida, Jesús,
_eprólogo
_969425
830 0 _aBiblioteca ABC, protagonistas de la historia
_n20
_969426
942 _2ddc
_cLF1
956 _aLOPEREZ
999 _c41843
_d41843